1192 1972 1231 1963 1137 1499 1346 1432 1762 1632 1359 1920 1557 1673 1109 1214 1213 1873 1070 1661 1655 1414 1021 1736 1804 1403 1203 1716 1968 1079 1506 1378 1480 1163 1086 1759 1985 1742 1019 1790 1845 1986 1515 1808 1089 1559 1180 1314 1188 1211 1301 1016 1142 1293 1234 1985 1274 1127 1672 1271 1821 1356 1767 1662 1148 1230 1843 1736 1004 1146 1111 1318 1101 1175 1380 1534 1276 1202 1561 1999 1738 1159 1476 1565 1925 1720 1842 1423 1484 1716 1045 1065 1140 1365 1132 1411 1592 1449 1465 BCNSPRNW ULIB Ver.6.0+V

เปลี่ยนเป็นภาษาไทย

Change to English
 แสดงรายละเอียดบรรณานุกรม
  กลับหน้าหลัก

Brief Record : Get Marc (ISO 2709) : E-mail record : QR code < ปิดหน้าต่าง
LEADER : 00000nam 2200000uu 4500
001    13399113061
003     ULIB
008    110922s2549||||th 000 0 tha d
020    9789749330982
050 04 PE1130^bช485ส 2549
100 0  ชาญชัย บุญเฮ้า
245 10 สูตรสำเร็จการพูดภาษาอังกฤษ = Amazing conversation /^cชาญชัย บุญเฮ้า ผู้เรียบเรียง
246 31 Amazing conversation
260    กรุงเทพฯ :^bบี.อี.ซี.,^c2549
300    297 หน้า
650  7 ภาษาอังกฤษ^xตำราสำหรับชนต่างชาติ
650  7 ภาษาอังกฤษ^xบทสนทนาและวลี
945    ^p200^l0^i020582
995    ทศพร
999 ^a ทศพร
รายการนี้ยังไม่มีแท็ก
คุณยังไม่ได้ล็อกอิน คุณสามารถมีกิจกรรมร่วมกับเว็บไซต์ได้ แต่ต้องล็อกอินก่อน ::
  ล็อกอิน

รายการสื่อสารสนเทศ

ลำดับที่ ประเภท เลขเรียก/บาร์โค้ด สถานที่ สถานะ
- ไม่พบข้อมูล -

รายการใกล้เคียง
    ผู้แต่ง [ชาญชัย บุญเฮ้า]

BibComment


ยังไม่เคยถูกคอมเมนท์

คอมเมนท์ทรัพยากรรายการนี้
  คอมเมนท์: สูตรสำเร็จการพูดภ..


 Copyright 2026. Bcnsprnw @Library